000 00506nam a2200169Ia 4500
005 20250508161529.0
008 008 250505s9999 xx 000 0 hin d
037 _aBooks to be hide in OPAC
040 _aFEDL
_beng
_cFEDL
041 _ahin
_2hin
084 _a581.1, NCE
_qFEDL
245 0 _aJeev vigiyan. Part 4
260 _aNew Delhi, India
_bNational Council of Educational Research and Training
_c1971
300 _axii,583p.
942 _cHB
_h581.1, NCE
999 _c1370570
_d1370570